The Last Of Us Part II Render Modes - Statistics

General Stats
  • This quiz has been taken 2 times
  • The average score is 4 of 29
Answer Stats
Render Mode % Correct
Blood
100%
Blorange
50%
Cool
50%
Inferno
50%
Noir
50%
Sepia
50%
Vibrant
50%
1960
0%
8-Bit
0%
Afterlife
0%
Beasts
0%
Blacklight
0%
Demons
0%
Desert Fog
0%
Drugzone
0%
Dungeon
0%
Fire
0%
Graphic
0%
Gridlocked
0%
Headache
0%
Moonlight
0%
Pop Poster
0%
Pusher
0%
Terminated
0%
Trinity
0%
Vintage
0%
Void
0%
Warm
0%
Watercolor
0%
No matching quizzes found
Score Distribution
Percent of People with Each Score
Percentile by Number Answered
Your Score History
You have not taken this quiz